[Event "Titled Tuesday intern op 13th Jun Early"]
[Site "Chess.com INT"]
[Date "2023.06.13"]
[Round "3"]
[White "Fernandez, Mario Leon"]
[Black "Malyi, Viacheslav"]
[Result "0-1"]
[WhiteElo "2058"]
[BlackElo "2391"]
[PlyCount "126"]
[EventDate "2023.06.13"]
[EventType "swiss (blitz)"]
[EventRounds "11"]
[EventCountry "USA"]
[SourceTitle "EXT 2024"]
[Source "ChessBase"]
[SourceDate "2023.10.10"]
[SourceVersion "1"]
[SourceVersionDate "2023.10.10"]
[SourceQuality "1"]

1. d4 Nf6 2. Bf4 e6 3. Nc3 d5 4. Nb5 Na6 5. e3 c6 6. Nc3 Bd6 7. Nf3 0-0 8. a3 Ne4 9. Bd3 f5 10. 0-0 Nc7 11. Bxd6 Qxd6 12. Ne5 Ne8 13. Ne2 N8f6 14. c4 Nd7 15. Nf3 Ndf6 16. b4 Bd7 17. Ne5 Be8 18. f3 Ng5 19. Qc2 Nf7 20. f4 Ne4 21. Bxe4 fxe4 22. c5 Qe7 23. h3 Nh6 24. g4 Bd7 25. Kg2 Nf7 26. Ng3 Nxe5 27. dxe5 Qh4 28. Qf2 a5 29. Nxe4 Qe7 30. Nd6 Rfb8 31. e4 b6 32. cxb6 dxe4 33. b7 Ra6 34. Qc5 Qd8 35. Rfd1 Qc7 36. Rac1 axb4 37. axb4 Ra2+ 38. Kg3 Ra3+ 39. Kh2 Qd8 40. Nc4 Ra2+ 41. Rd2 Rxd2+ 42. Nxd2 Rxb7 43. Nxe4 Rb5 44. Qc4 Rd5 45. Rc2 h6 46. Rd2 Qa8 47. Qe2 Qa3 48. Rxd5 cxd5 49. Nc5 Bc8 50. Qd2 Qf3 51. f5 exf5 52. e6 fxg4 53. hxg4 Qxg4 54. Qxd5 Qh4+ 55. Kg1 Qg3+ 56. Kf1 Kh7 57. Qe4+ Kh8 58. e7 Bh3+ 59. Ke2 Bg4+ 60. Kd2 Bh5 61. e8Q+ Bxe8 62. Qxe8+ Kh7 63. Qe4+ Kh8 0-1

[Event "Titled Tuesday intern op 04th Apr Late"]
[Site "Chess.com INT"]
[Date "2023.04.04"]
[Round "1"]
[White "Fernandez, Mario Leon"]
[Black "Gegenfurtner, Juergen"]
[Result "0-1"]
[WhiteElo "2058"]
[BlackElo "2326"]
[PlyCount "118"]
[EventDate "2023.04.04"]
[EventType "swiss (blitz)"]
[EventRounds "11"]
[EventCountry "USA"]
[SourceTitle "EXT 2024"]
[Source "ChessBase"]
[SourceDate "2023.10.10"]
[SourceVersion "1"]
[SourceVersionDate "2023.10.10"]
[SourceQuality "1"]

1. d4 d5 2. Bf4 Nf6 3. e3 e6 4. Nf3 Bd6 5. Ne5 0-0 6. Nd2 b6 7. c3 c5 8. Ndf3 Qc7 9. Qc2 Ne4 10. Nd3 Nc6 11. Be2 Bb7 12. 0-0 Rac8 13. Rac1 Rfd8 14. Bxd6 Qxd6 15. Qa4 a6 16. Nde5 b5 17. Qd1 Ne7 18. dxc5 Nxc5 19. Nd3 Ne4 20. Nd2 Nf6 21. Bf3 e5 22. Ne1 e4 23. Be2 Ng6 24. Nb3 Ne5 25. Nd4 Qd7 26. h3 g6 27. a4 bxa4 28. Ra1 Nc4 29. Bxc4 Rxc4 30. Nec2 Rb8 31. Na3 Rcc8 32. Nac2 Kg7 33. Ra2 Bc6 34. Qa1 Bb5 35. Rd1 Bc4 36. Rxa4 Rxb2 37. Rxc4 Rcb8 38. Rb4 R2xb4 39. Nxb4 Rc8 40. Rc1 Ra8 41. c4 dxc4 42. Rxc4 a5 43. Nbc6 Qd5 44. Ra4 Re8 45. Rxa5 Qc4 46. Ra6 Kg8 47. Ra8 Rxa8 48. Qxa8+ Kg7 49. Qa1 Kg8 50. Ne5 Qc7 51. Ng4 Nxg4 52. hxg4 Qd7 53. Qa8+ Kg7 54. Qxe4 Qa4 55. Qb1 Qd7 56. Qb2 Kh6 57. Nf3 Qd1+ 58. Kh2 Qe2 59. Kg3 Qxb2 0-1

[Event "Titled Tuesday intern op 04th Apr Late"]
[Site "Chess.com INT"]
[Date "2023.04.04"]
[Round "9"]
[White "Han, Yichen"]
[Black "Fernandez, Mario Leon"]
[Result "1-0"]
[WhiteElo "2406"]
[BlackElo "2058"]
[PlyCount "99"]
[EventDate "2023.04.04"]
[EventType "swiss (blitz)"]
[EventRounds "11"]
[EventCountry "USA"]
[SourceTitle "EXT 2024"]
[Source "ChessBase"]
[SourceDate "2023.10.10"]
[SourceVersion "1"]
[SourceVersionDate "2023.10.10"]
[SourceQuality "1"]

1. c4 c5 2. Nf3 Nf6 3. Nc3 Nc6 4. e4 g6 5. d3 d6 6. g3 Bg7 7. Bg2 0-0 8. 0-0 Bg4 9. Be3 e5 10. h3 Bxf3 11. Qxf3 Nd4 12. Bxd4 cxd4 13. Ne2 a6 14. a4 Qb6 15. Rfb1 Qb4 16. g4 b5 17. b3 Rfb8 18. axb5 axb5 19. Rxa8 Rxa8 20. cxb5 Qxb5 21. Ng3 Ra3 22. Qd1 Nd7 23. Qc2 Nc5 24. b4 Qxd3 25. Qxd3 Nxd3 26. b5 Ra7 27. Bf1 Nc5 28. Bc4 Bh6 29. b6 Rb7 30. Bd5 Rb8 31. b7 d3 32. Kf1 Bf4 33. Ra1 Nxb7 34. Rb1 Rc8 35. Bxb7 Rc2 36. Rd1 d2 37. Ke2 Kg7 38. Nf1 h5 39. Bd5 hxg4 40. hxg4 f6 41. Nxd2 Kh6 42. Kd3 Rb2 43. f3 Kg5 44. Nc4 Rf2 45. Nxd6 Rxf3+ 46. Ke2 Re3+ 47. Kf2 Ra3 48. Be6 Ra6 49. Nf7+ Kh4 50. Rh1+ 1-0

[Event "Titled Tuesday intern op 28th Mar Early"]
[Site "Chess.com INT"]
[Date "2023.03.28"]
[Round "6"]
[White "Fernandez, Mario Leon"]
[Black "Abdilkhair, Abilmansur"]
[Result "1-0"]
[WhiteElo "2058"]
[BlackElo "2268"]
[PlyCount "115"]
[EventDate "2023.03.28"]
[EventType "swiss (blitz)"]
[EventRounds "11"]
[EventCountry "USA"]
[SourceTitle "EXT 2024"]
[Source "ChessBase"]
[SourceDate "2023.10.10"]
[SourceVersion "1"]
[SourceVersionDate "2023.10.10"]
[SourceQuality "1"]

1. d4 Nf6 2. Bf4 g6 3. Nc3 Bg7 4. e4 d6 5. h4 h5 6. Qd2 Nbd7 7. Nf3 c5 8. 0-0-0 cxd4 9. Nxd4 e5 10. Ndb5 exf4 11. Nxd6+ Kf8 12. Kb1 Nc5 13. Qxf4 Ne6 14. Qf3 Qa5 15. Nd5 Bd7 16. Nxf6 Bc6 17. Nd5 Nd8 18. Bc4 Be5 19. Nxf7 Nxf7 20. Nb6 Rh7 21. Nxa8 Qb4 22. Bb3 b6 23. a3 Qc5 24. Rd5 Qe7 25. Rhd1 Bxa8 26. Rd8+ Kg7 27. Qxf7+ Qxf7 28. Bxf7 Bxe4 29. R8d7 Kh6 30. Bb3 Rh8 31. Rxa7 Bf5 32. g3 Rd8 33. Rxd8 Bf6 34. Rdd7 Bxd7 35. Rxd7 g5 36. Rd6 Kg7 37. hxg5 Bxg5 38. f4 Be7 39. Rd7 Kf6 40. Rxe7 Kxe7 41. c4 Kd6 42. Kc2 Kc5 43. Kc3 b5 44. Bc2 bxc4 45. Bg6 Kd5 46. Bxh5 Kc5 47. f5 Kd5 48. f6 Ke6 49. f7 Kf6 50. f8Q+ Kg5 51. Qf4+ Kxh5 52. g4+ Kg6 53. Qf5+ Kh6 54. g5+ Kh5 55. g6+ Kh4 56. g7 Kg3 57. g8Q+ Kh4 58. Qfh7# 1-0

[Event "Titled Tuesday intern op 28th Mar Early"]
[Site "Chess.com INT"]
[Date "2023.03.28"]
[Round "5"]
[White "Fernandez, Mario Leon"]
[Black "Hindermann, Felix"]
[Result "1-0"]
[WhiteElo "2058"]
[BlackElo "2297"]
[PlyCount "55"]
[EventDate "2023.03.28"]
[EventType "swiss (blitz)"]
[EventRounds "11"]
[EventCountry "USA"]
[SourceTitle "EXT 2024"]
[Source "ChessBase"]
[SourceDate "2023.10.10"]
[SourceVersion "1"]
[SourceVersionDate "2023.10.10"]
[SourceQuality "1"]

1. d4 e6 2. Bf4 b6 3. e4 Bb7 4. Nc3 Bb4 5. f3 f5 6. exf5 exf5 7. Nge2 Nf6 8. Qd2 0-0 9. 0-0-0 Nd5 10. Bg5 Nxc3 11. Nxc3 Bxc3 12. bxc3 Qe8 13. Bc4+ Kh8 14. h4 Nc6 15. h5 Na5 16. Bd3 Qe6 17. Kb1 h6 18. Rde1 Qd6 19. Bf4 Qc6 20. Re7 Rae8 21. Rhe1 Rxe7 22. Rxe7 Nc4 23. Bxc4 Qxc4 24. Be5 Qf1+ 25. Qc1 Qxc1+ 26. Kxc1 Rg8 27. Rxd7 Bd5 28. Rxd5 1-0

[Event "Titled Tuesday intern op 28th Mar Late"]
[Site "Chess.com INT"]
[Date "2023.03.28"]
[Round "9"]
[White "Stojanovski, Sandi"]
[Black "Fernandez, Mario Leon"]
[Result "0-1"]
[WhiteElo "2225"]
[BlackElo "2058"]
[PlyCount "80"]
[EventDate "2023.03.28"]
[EventType "swiss (blitz)"]
[EventRounds "11"]
[EventCountry "USA"]
[SourceTitle "EXT 2024"]
[Source "ChessBase"]
[SourceDate "2023.10.10"]
[SourceVersion "1"]
[SourceVersionDate "2023.10.10"]
[SourceQuality "1"]

1. d3 d5 2. Nf3 Nf6 3. g3 Bf5 4. Bg2 e6 5. 0-0 h6 6. c4 c6 7. cxd5 exd5 8. Nc3 Be7 9. e4 dxe4 10. dxe4 Qxd1 11. Rxd1 Nxe4 12. Re1 Nxc3 13. bxc3 Kf8 14. Nd4 Bg6 15. Bf4 Nd7 16. Nxc6 bxc6 17. Bxc6 Rd8 18. Rad1 Nf6 19. Rxd8+ Bxd8 20. Bd6+ Kg8 21. f3 Kh7 22. g4 Bb6+ 23. Kg2 Rc8 24. Bb7 Rxc3 25. Re2 Re3 26. Rxe3 Bxe3 27. a4 Nd7 28. h4 Bd3 29. a5 Bc5 30. Bc7 f6 31. h5 Ne5 32. Bd5 Bc4 33. Be4+ Kg8 34. Kg3 Kf7 35. f4 Nd7 36. g5 fxg5 37. fxg5 hxg5 38. Kg4 Be3 39. Bg6+ Ke7 40. Bb8 Nxb8 0-1